| 000 | 01142nam0a2200301 i 4500 | ||
|---|---|---|---|
| 001 | RU\NLR\bibl\1939631 | ||
| 005 | 20260406094936.0 | ||
| 010 |
_a9785699571857 _93000 |
||
| 021 |
_aRU _b2012-47096 _9412д/12 |
||
| 035 | _a(NLR Aleph) 001928911 | ||
| 090 |
_a3408355 _c3408355 |
||
| 100 | _a20120831d2012 u y0rusy50 ca | ||
| 101 | 0 | _arus | |
| 102 | _aRU | ||
| 105 | _aa ||||||||| | ||
| 200 | 1 |
_aПоследняя страсть Клеопатры _iЦарица любви _e[роман] _fНаталья Павлищева |
|
| 210 |
_aМосква _cЯуза _cЭксмо _d2012 |
||
| 215 |
_a316, [2] с. _cил. _d17 |
||
| 225 | 1 | _aЖенский исторический бестселлер | |
| 600 | 0 |
_aКлеопатра _f69 - 30 до н.э. _xв художественной литературе _91359855 _3RU\NLR\auth\66568783 |
|
| 686 | _aШ6(2=Р)8-442 | ||
| 700 | 1 |
_4070 _8rus _7ca _aПавлищева _bН. П. _gНаталья Павловна _f1955- _3RU\NLR\auth\7770498 _953426 |
|
| 801 | 0 |
_aRU _bNLR _c20120831 _gRCR |
|
| 801 | 1 |
_aRU _bNLR _c20120831 |
|
| 942 | _cBOOK | ||
| 980 | _aNBR | ||